000 00600nam a2200229Ia 4500
003 OSt
005 20220918183233.0
006 a|||||r|||| 00| 0
007 ta
008 220917b |||||||| |||| 00| 0 eng d
024 _a36,863
037 _cTextual
040 _aARTS
_cARTS
_beng
041 _2eng
_aeng
082 _aO142,1M14w, 122K4
100 _aPiccard E
_962177
245 0 _aMikhail Lermontov 1814-1841
_b Essai biographique
260 _c1964
650 _aENGLISH LITERATURE
942 _hO142,1M14w, 122K4
_cTEXL
_2CC
999 _c171935
_d171935